| Tag |
First Indicator |
Second Indicator |
Subfields |
| LEADER |
00000cam a2200000 4500 |
| 001 |
in00000031792 |
| 005 |
20151007063121.0 |
| 008 |
740924s1950 nyu 00000 eng u |
| 010 |
|
|
|a 50014694
|
| 035 |
|
|
|a (OCoLC)01019790
|
| 035 |
|
|
|9 AAD6600AM
|
| 040 |
|
|
|c BNG
|d TXA
|d UtOrBLW
|
| 041 |
1 |
|
|a eng
|a swe
|
| 049 |
|
|
|a TXAM
|c [181789]
|
| 050 |
|
0 |
|a PZ3.D1315
|b Bu
|
| 090 |
|
|
|a PT9875.D12
|b B87 1950
|
| 092 |
|
|
|a 839.73
|b D125b
|
| 100 |
1 |
|
|a Dagerman, Stig,
|d 1923-1954.
|
| 245 |
1 |
2 |
|a A burnt child :
|b a novel /
|c Translated from the Swedish by Alan Blair.
|
| 264 |
|
1 |
|a New York :
|b Morrow,
|c [1950?]
|
| 300 |
|
|
|a 264 pages ;
|c 20 cm.
|
| 336 |
|
|
|a text
|b txt
|2 rdacontent
|
| 337 |
|
|
|a unmediated
|b n
|2 rdamedia
|
| 338 |
|
|
|a volume
|b nc
|2 rdacarrier
|
| 999 |
|
|
|a MARS
|
| 999 |
f |
f |
|s 41618cc8-39d2-3b47-9e45-9fa74d7b20e9
|i c437487c-e4f3-3951-b2a8-f8369a3787b9
|t 0
|
| 952 |
f |
f |
|p ric
|a Texas A&M University
|b Rellis Campus
|c Joint Library Facility
|d Remote Storage
|t 0
|e PT9875.D12 B87 1950
|h Library of Congress classification
|i unmediated -- volume
|m A14801360612
|
| 998 |
f |
f |
|a PT9875.D12 B87 1950
|t 0
|l Remote Storage
|